| 000 | 00708nam a2200133Ia 4500 | ||
|---|---|---|---|
| 008 | 171207s9999 xx 000 0 und d | ||
| 100 | _aIngram, Mercedes V. | ||
| 245 | 2 | _aA Seat at the Table: Using Social Media as a Platform to Resolve Microaggressions Against Transgender Persons | |
| 245 | _cMercedes V. Ingram, Stacy Speedlin, Yuliya Cannon, Ashley Prado & Joe Avera | ||
| 260 | _c2017 | ||
| 300 | _apages 289-304, July-September 2017 | ||
| 440 |
_aJournal of Creativity in Mental Health _v12:3 |
||
| 650 | _aAdvocacy for transgender persons, counseling; critical participatory action research, diversity, healthy relationships, mental health, multi-cultural, social media, transgender issues, wellness | ||
| 999 |
_c347694 _d347694 |
||